000 00500nam a2200169 i 4500
001 28771
003 ES-MaACL
005 20250929063059.0
007 t|
008 030120s1969 sp ||||1| spa d
100 1 _aBarbadillo, Manuel,
_d1891-1986
_925372
245 1 0 _aAntología poética /
_cManuel Barbadillo.
260 _aJerez de la Frontera :
_b[s.n.,
_c1969] (
_fGráf. Exportador)
300 _a216 p. ;
_c19 cm.
852 _aES-MaACL
_jC-35819
_bR.69243
999 _c28771
_d28771